00618cam a2200193ua 4500001000400000008003900004040000900043082001200052245006700064250000900131260003600140300001700176653002200193653004800215700003000263942000700293999001300300952011100313516110407n ii |||gr||||Z||||||eng cMAIN a324.2731 aInvention of the american political partiescby Roy F. Nichols a1st. aCalcutta:bScientific book,967. a416p:c30cm. aPolitical science aInvention of the american political parties aNichols, Roy F.,eAuthor. cBK c454d454 00104070aMAINbMAINcGEN | 2d2020-09-19l0o324.273 | NICp145r2020-09-19 00:00:00t1w2020-09-19yBK